Guatemala: civil war or National Reconciliation ?

Zapisane w:
Opis bibliograficzny
1. autor: Gleijeses, Piero
Format: Texto
Wydane: San José: Cenro de Investigación y Adiestramiento Político Administrativo
Etykiety: Dodaj etykietę
Nie ma etykietki, Dołącz pierwszą etykiete!

MARC

LEADER 00000 a a2200000 04500
001 24806
003
040 |a CRAI/IIS  |c CRAI/IIS 
090 |a 177400  
100 |a Gleijeses, Piero  
245 |a Guatemala: civil war or National Reconciliation ?  
260 |a San José:   |b Cenro de Investigación y Adiestramiento Político Administrativo  
300 |a 21 p.  
999 |c 15776  |d 15776